MARC details
| 000 -LEADER |
| fixed length control field |
02553nam a22003497a 4500 |
| 001 - CONTROL NUMBER |
| control field |
104135 |
| 003 - CONTROL NUMBER IDENTIFIER |
| control field |
KnowledgeUnlatched |
| 005 - DATE AND TIME OF LATEST TRANSACTION |
| control field |
20210303104947.0 |
| 006 - FIXED-LENGTH DATA ELEMENTS--ADDITIONAL MATERIAL CHARACTERISTICS |
| fixed length control field |
m o d |
| 007 - PHYSICAL DESCRIPTION FIXED FIELD--GENERAL INFORMATION |
| fixed length control field |
cr u|||||||||| |
| 008 - FIXED-LENGTH DATA ELEMENTS--GENERAL INFORMATION |
| fixed length control field |
210129p20192020enk o u00| u eng d |
| 037 ## - SOURCE OF ACQUISITION |
| Institution to which field applies |
BiblioBoard |
| 020 ## - INTERNATIONAL STANDARD BOOK NUMBER |
| International Standard Book Number |
9781786805188 |
| 029 1# - OTHER SYSTEM CONTROL NUMBER (OCLC) |
| OCLC library identifier |
https://library.biblioboard.com/ext/api/media/2d318b9c-9fde-44e8-851c-a24649351835/assets/thumbnail.jpg |
| 040 ## - CATALOGING SOURCE |
| Original cataloging agency |
ScCtBLL |
| Transcribing agency |
ScCtBLL |
| 100 1# - MAIN ENTRY--PERSONAL NAME |
| Personal name |
Fuchs, Christian |
| Relator term |
author. |
| 245 00 - TITLE STATEMENT |
| Title |
Rereading Marx in the Age of Digital Capitalism |
| Statement of responsibility, etc. |
Christian Fuchs. |
| 264 #1 - PRODUCTION, PUBLICATION, DISTRIBUTION, MANUFACTURE, AND COPYRIGHT NOTICE |
| Name of producer, publisher, distributor, manufacturer |
Pluto Press, |
| 300 ## - PHYSICAL DESCRIPTION |
| Extent |
1 online resource. |
| 506 0# - RESTRICTIONS ON ACCESS NOTE |
| Terms governing access |
Access copy available to the general public. |
| Standardized terminology for access restriction |
Unrestricted |
| Source of term |
star |
| 520 ## - SUMMARY, ETC. |
| Summary, etc. |
The 'end of history' has not taken place. Ideological and economic crisis and the status quo of neoliberal capitalism since 2008 demand a renewed engagement with Marx. But if we are to effectively resist capitalism we must truly understand Marx: Marxism today must theorise how communication technologies, media representation and digitalisation have come to define contemporary capitalism. There is an urgent need for critical, Marxian-inspired knowledge as a foundation for changing the world and the way we communicate from digital capitalism towards communicative socialism and digital communism. Rereading Marx in the Age of Digital Capitalism does exactly this. Delving into Marx's most influential works, such as Capital, The Grundrisse, Economic and Philosophic Manuscripts, The German Ideology and The Communist Manifesto, Christian Fuchs draws out Marx's concepts of machinery, technology, communication and ideology, all of which anticipate major themes of the digital age. A concise and coherent work of Marxist media and communication theory, the book ultimately demonstrates the relevance of Marx to an age of digital and communicative capitalism. |
| 588 0# - SOURCE OF DESCRIPTION NOTE |
| Source of description note |
Description based on print version record. |
| 590 ## - LOCAL NOTE (RLIN) |
| Local note |
KU Select 2019: HSS Frontlist Books |
| 650 #7 - SUBJECT ADDED ENTRY--TOPICAL TERM |
| Topical term or geographic name entry element |
Business & Economics / Economics / Theory |
| Source of heading or term |
bisacsh |
| 650 #0 - SUBJECT ADDED ENTRY--TOPICAL TERM |
| Topical term or geographic name entry element |
Economics |
| 655 #0 - INDEX TERM--GENRE/FORM |
| Genre/form data or focus term |
Electronic books. |
| 758 ## - |
| -- |
Is found in: |
| -- |
Knowledge Unlatched |
| -- |
https://openresearchlibrary.org/module/2774bc74-146a-484f-a7ba-ab1d6a09bbfb |
| 856 40 - ELECTRONIC LOCATION AND ACCESS |
| Uniform Resource Identifier |
<a href="https://openresearchlibrary.org/content/2d318b9c-9fde-44e8-851c-a24649351835">https://openresearchlibrary.org/content/2d318b9c-9fde-44e8-851c-a24649351835</a> |
| Public note |
View this content on Open Research Library. |
| -- |
0 |